Economic Policy and FDI Inflows in Emerging Markets - the Case of India and Brazil

Skúmanie vzťahu medzi hospodárskou politikou a prílivom PZI v rozvíjajúcich sa trhoch Indie a Brazílie od roku 1990. Vzájomné porovnanie vývoja prílivu PZI v daných krajinách.

Salvato in:
Dettagli Bibliografici
Autore principale: Krupka, Lukáš
Altri autori: Proch, Dominik
Natura: Capitolo di libro
Lingua:inglese
Soggetti:
Tags: Aggiungi Tag
Nessun Tag, puoi essere il primo ad aggiungerne!!

MARC

LEADER 00000naa a2200000 4500
001 0272418
005 20210305125201.2
041 0 |a eng 
044 |a CZ 
245 1 0 |a Economic Policy and FDI Inflows in Emerging Markets - the Case of India and Brazil  |c Lukáš Krupka, Dominik Proch 
520 |a Skúmanie vzťahu medzi hospodárskou politikou a prílivom PZI v rozvíjajúcich sa trhoch Indie a Brazílie od roku 1990. Vzájomné porovnanie vývoja prílivu PZI v daných krajinách. 
610 2 0 |a politika hospodárska 
610 2 0 |a investície priame zahraničné 
610 2 0 |a India 
610 2 0 |a Brazília 
610 2 0 |a makroekonomika 
100 1 |a Krupka, Lukáš 
700 1 |a Proch, Dominik